25 Pays les plus Chrétiens d'Europe - Statistiques

Statistiques générales
  • Ce quiz a été pris 454 fois
  • Le résultat moyen est 17 sur 25
Statistiques - réponses
Hint Réponse % Correct
83.8% Italie
96%
86.7% Portugal
86%
100% Vatican
84%
97.7% Pologne
81%
98% Grèce
77%
94.1% Irlande
72%
99% Roumanie
72%
81.9% Ukraine
72%
90.6% Croatie
71%
81% Finlande
69%
83.8% Slovaquie
69%
86.2% Norvège
68%
93.5% Serbie
67%
84% Bulgarie
65%
87% Luxembourg
64%
89.5% Andorre
63%
80.9% Danemark
61%
86% Monaco
61%
95% Saint Marin
61%
85% Lituanie
60%
98% Malte
60%
80.2% Lettonie
59%
95% Islande
56%
98.5% Moldavie
56%
83.2% Liechtenstein
52%
Aucun quiz correspondant
Distribution des résultats
% des personnes avec chaque résultat
Percentile par nombre de réponses
Votre historique - résultats
Vous n’avez pas pris ce quiz